[Event "POL-chT 2nd League"]
[Site "Jastrzebia Gora"]
[Date "2022.09.04"]
[Round "2.46"]
[White "Kowalak, Piotr"]
[Black "Pancewicz, Szymon"]
[Result "0-1"]
[WhiteElo "2029"]
[BlackElo "1850"]
[PlyCount "110"]
[EventDate "2022.09.03"]
[EventType "team-swiss"]
[EventRounds "9"]
[EventCountry "POL"]
[SourceTitle "CBM 210 Extra"]
[Source "ChessBase"]
[SourceDate "2022.11.30"]
[SourceVersion "1"]
[SourceVersionDate "2022.11.30"]
[SourceQuality "1"]
[WhiteTeam "Legnica Miedz"]
[BlackTeam "Warszawa Czternastka"]
[WhiteTeamCountry "POL"]
[BlackTeamCountry "POL"]

1. e4 c5 2. Nf3 e6 3. d4 cxd4 4. Nxd4 Nc6 5. Nc3 Qc7 6. g3 a6 7. Bg2 Nf6 8. 0-0 Nxd4 9. Qxd4 Bc5 10. Bf4 d6 11. Qd2 h6 12. Rad1 e5 13. Be3 Ke7 14. Bxc5 Qxc5 15. h3 Be6 16. Kh2 Rhd8 17. Nd5+ Bxd5 18. exd5 Rac8 19. c3 Kf8 20. g4 Qc4 21. a3 Re8 22. Rfe1 b5 23. Kg1 Rc5 24. Re3 e4 25. Qe1 Rxd5 26. Rd2 Rxd2 27. Qxd2 d5 28. Re1 a5 29. Rd1 Qc5 30. Qd4 Rc8 31. Bf1 Qxd4 32. Rxd4 Rb8 33. Be2 Ke7 34. f3 Ke6 35. Kf2 Ke5 36. Ke3 Rb7 37. Bd1 exf3 38. Bxf3 Kd6 39. Kf4 Kc5 40. h4 Rd7 41. g5 hxg5+ 42. hxg5 Ne8 43. Bg4 Re7 44. Bf3 Nc7 45. Rd2 Re1 46. Bg2 Ne6+ 47. Kf5 d4 48. cxd4+ Nxd4+ 49. Kf4 Re2 50. Rxe2 Nxe2+ 51. Ke5 Nd4 52. Be4 Nb3 53. Bd5 f6+ 54. gxf6 gxf6+ 55. Ke4 Nd2+ 0-1

[Event "POL-chT 2nd League"]
[Site "Sypniewo"]
[Date "2021.09.12"]
[Round "9.15"]
[White "Wesolowski, Edgar"]
[Black "Kowalak, Piotr"]
[Result "0-1"]
[WhiteElo "1951"]
[BlackElo "2096"]
[PlyCount "110"]
[EventDate "2021.09.04"]
[EventType "team-swiss"]
[EventRounds "9"]
[EventCountry "POL"]
[SourceTitle "CBM 204 Extra"]
[Source "ChessBase"]
[SourceDate "2021.11.30"]
[SourceVersion "1"]
[SourceVersionDate "2021.11.30"]
[SourceQuality "1"]
[WhiteTeam "Wolsztyn UKS Szach"]
[BlackTeam "Legnica Miedz II"]
[WhiteTeamCountry "POL"]
[BlackTeamCountry "POL"]

1. c4 e5 2. Nc3 Nc6 3. Nf3 g6 4. g3 Bg7 5. Bg2 Nf6 6. 0-0 0-0 7. d3 d6 8. Rb1 a5 9. a3 Re8 10. Nd2 Ne7 11. e4 c6 12. Qb3 Rb8 13. f4 b5 14. Nf3 Be6 15. fxe5 dxe5 16. Nxe5 Qd4+ 17. Kh1 Qxe5 18. Bf4 bxc4 19. Bxe5 Rxb3 20. Bxf6 Bxf6 21. Rxf6 Reb8 22. Na4 cxd3 23. Rd1 Bc4 24. Bf1 Kg7 25. Rf2 f5 26. Nc5 Rxb2 27. Rxb2 Rxb2 28. Nxd3 Ra2 29. exf5 Nxf5 30. Ne5 Bd5+ 31. Kg1 Rxa3 32. Rc1 Nd4 33. Bc4 Nf3+ 34. Nxf3 Rxf3 35. Bxd5 cxd5 36. Rc5 a4 37. Rxd5 a3 38. Ra5 Rb3 39. Ra7+ Kf6 40. Kg2 Rb2+ 41. Kf3 a2 42. h4 h6 43. Kg4 Rf2 44. Ra5 Ke6 45. Kh3 Kd6 46. g4 Kc6 47. Kg3 Rc2 48. Kf4 Kb6 49. Ra8 Kb5 50. Ke5 Rf2 51. h5 gxh5 52. gxh5 Kc4 53. Ke4 Kb3 54. Ke3 Rf1 55. Rb8+ Kc4 0-1

[Event "POL-chT 2nd League"]
[Site "Poronin"]
[Date "2020.09.07"]
[Round "3.17"]
[White "Kowalak, Piotr"]
[Black "Turecki, Stanislaw"]
[Result "1-0"]
[WhiteElo "2105"]
[BlackElo "1785"]
[PlyCount "29"]
[EventDate "2020.09.05"]
[EventType "team-swiss"]
[EventRounds "9"]
[EventCountry "POL"]
[SourceTitle "CBM 198 Extra"]
[Source "ChessBase"]
[SourceDate "2020.11.30"]
[SourceVersion "1"]
[SourceVersionDate "2020.11.30"]
[SourceQuality "1"]
[WhiteTeam "Legnica Miedz"]
[BlackTeam "Staniatki Goniec"]
[WhiteTeamCountry "POL"]
[BlackTeamCountry "POL"]

1. e4 c5 2. Nf3 d6 3. d4 cxd4 4. Nxd4 Nf6 5. Nc3 a6 6. g3 b5 7. Bg2 Bb7 8. 0-0 e6 9. Re1 Be7 10. e5 Nd5 11. Bxd5 Bxd5 12. Nxd5 dxe5 13. Nxe7 Qxd4 14. Qxd4 exd4 15. Nf5 1-0

[Event "POL-chT 2nd League"]
[Site "Jastrzebia Gora"]
[Date "2019.09.08"]
[Round "2.13"]
[White "Kowalak, Piotr"]
[Black "Jankowiak, Piotr"]
[Result "1/2-1/2"]
[WhiteElo "2108"]
[BlackElo "1999"]
[PlyCount "78"]
[EventDate "2019.09.07"]
[EventType "team-swiss"]
[EventRounds "9"]
[EventCountry "POL"]
[SourceTitle "EXT 2020"]
[Source "ChessBase"]
[SourceDate "2019.10.17"]
[SourceVersion "1"]
[SourceVersionDate "2019.10.17"]
[SourceQuality "1"]
[WhiteTeam "Legnica Miedz"]
[BlackTeam "Bogatynia UKS SP3"]
[WhiteTeamCountry "POL"]
[BlackTeamCountry "POL"]

1. e4 e5 2. Nf3 Nc6 3. Bc4 Bc5 4. c3 Nf6 5. d4 exd4 6. e5 d5 7. Bb5 Ne4 8. cxd4 Be7 9. h3 0-0 10. 0-0 f6 11. Nc3 Nxc3 12. bxc3 Bf5 13. exf6 Bxf6 14. Ba3 Be7 15. Bxe7 Nxe7 16. Ne5 Ng6 17. f4 Qh4 18. Qe1 Qxe1 19. Raxe1 c6 20. Be2 Rae8 21. Bh5 Re7 22. Bxg6 Bxg6 23. Nxg6 Rxe1 24. Rxe1 hxg6 25. g3 Kf7 26. Kf2 b6 27. Kf3 Rh8 28. h4 Kf6 29. a4 Rb8 30. g4 b5 31. Rb1 a5 32. Ke3 Ke6 33. Kd3 Kd6 34. Rb2 Rb7 35. Rb1 Rb8 36. Kd2 Rb7 37. Kd3 Rb8 38. Kd2 Rb7 39. Kd3 Rb8 1/2-1/2

[Event "POL-chT 2nd League"]
[Site "Jastrzebia Gora"]
[Date "2018.09.05"]
[Round "5.75"]
[White "Mika, Tomasz1111"]
[Black "Kowalak, Piotr"]
[Result "1/2-1/2"]
[WhiteElo "2141"]
[BlackElo "2110"]
[PlyCount "104"]
[EventDate "2018.09.01"]
[EventType "team-swiss"]
[EventRounds "9"]
[EventCountry "POL"]
[SourceTitle "CBM 186 Extra"]
[Source "ChessBase"]
[SourceDate "2018.08.24"]
[SourceVersion "1"]
[SourceVersionDate "2018.08.24"]
[SourceQuality "1"]
[WhiteTeam "Sedziszow Malopolski"]
[BlackTeam "Legnica Miedz II"]
[WhiteTeamCountry "POL"]
[BlackTeamCountry "POL"]

1. d4 Nf6 2. Bf4 d5 3. e3 e6 4. c3 c5 5. Nd2 Nc6 6. Bd3 Bd6 7. Bg3 0-0 8. Ngf3 b6 9. e4 Be7 10. e5 Nd7 11. Qe2 c4 12. Bc2 b5 13. h4 h6 14. a4 b4 15. Qe3 Re8 16. Nxc4 bxc3 17. bxc3 Ba6 18. Ncd2 Rb8 19. Bd3 Qa5 20. 0-0 Rb2 21. Rfc1 Reb8 22. Bxa6 Qxa6 23. c4 dxc4 24. Nxc4 R2b4 25. Nd6 Qb6 26. a5 Qa6 27. Qc3 Bxd6 28. exd6 Nd8 29. Ne5 Nf6 30. Nc6 Nxc6 31. Qxc6 Qxc6 32. Rxc6 Rd8 33. Rac1 Rxd4 34. Rc8 Rxc8 35. Rxc8+ Kh7 36. f3 Rd5 37. a6 e5 38. Rc6 Nd7 39. Bf2 Nb8 40. Rb6 Nd7 41. Rb7 Rxd6 42. Bxa7 Nf6 43. Bb6 Nd5 44. a7 Nxb6 45. Rxb6 Rd1+ 46. Kf2 Ra1 47. Rb7 Kg6 48. Ke3 f5 49. Kd3 Ra4 50. Kc3 e4 51. fxe4 fxe4 52. Kb3 Ra1 1/2-1/2

[Event "POL-chT1"]
[Site "Mrzezyno"]
[Date "2011.09.06"]
[Round "4"]
[White "Lisowski, Krzysztof"]
[Black "Kowalak, Piotr"]
[Result "1/2-1/2"]
[WhiteElo "2192"]
[BlackElo "2152"]
[PlyCount "63"]
[EventDate "2011.09.03"]
[EventType "team-tourn"]
[EventRounds "9"]
[EventCountry "POL"]
[SourceTitle "CBM 144 Extra"]
[Source "ChessBase"]
[SourceDate "2011.10.28"]
[SourceVersion "1"]
[SourceVersionDate "2011.10.28"]
[SourceQuality "1"]
[WhiteTeam "Ostroda Ostrodzianka"]
[BlackTeam "Legnica Miedz"]
[WhiteTeamCountry "POL"]
[BlackTeamCountry "POL"]

1. e4 c5 2. Nf3 Nc6 3. Bb5 Nf6 4. e5 Nd5 5. Nc3 Nc7 6. Bxc6 dxc6 7. h3 g6 8. d3 Bg7 9. 0-0 0-0 10. Be3 Ne6 11. Ne4 b6 12. Re1 Qc7 13. Neg5 Rd8 14. Nxe6 Bxe6 15. Bf4 h6 16. Qe2 Qb7 17. Qe3 Kh7 18. Nd2 Qa6 19. Ne4 Rd4 20. Qg3 Bf5 21. Nd2 Rad8 22. Qe3 Be6 23. b3 Qa3 24. Nf3 R4d5 25. Qc1 Qxc1 26. Raxc1 a5 27. Re2 Ra8 28. Nd2 Rd7 29. Ree1 a4 30. Nc4 axb3 31. axb3 Ra2 32. Nd2 1/2-1/2

[Event "Latschach op 25th"]
[Site "Latschach"]
[Date "2009.08.14"]
[Round "8"]
[White "Hasanagic, Anel"]
[Black "Kowalak, Piotr"]
[Result "1-0"]
[WhiteElo "2070"]
[BlackElo "2185"]
[PlyCount "81"]
[EventDate "2009.08.08"]
[EventType "swiss"]
[EventRounds "9"]
[EventCountry "AUT"]
[SourceTitle "CBM 131 Extra"]
[Source "ChessBase"]
[SourceDate "2009.09.03"]
[SourceVersion "2"]
[SourceVersionDate "2009.09.16"]
[SourceQuality "1"]

1. e4 c5 2. c3 d5 3. exd5 Qxd5 4. d4 Nc6 5. Nf3 Bg4 6. Be2 cxd4 7. cxd4 e6 8. Nc3 Qa5 9. 0-0 Nf6 10. Qb3 Qb4 11. Nb5 Qxb3 12. axb3 Nd5 13. h3 Bh5 14. g4 Bg6 15. Bc4 Kd8 16. Ne5 a6 17. Nxc6+ bxc6 18. Nc3 Nb4 19. Bf4 Kc8 20. Be5 Rg8 21. Rfd1 Be7 22. Na4 Kb7 23. Nc5+ Bxc5 24. dxc5 Nd5 25. Ra4 f6 26. Bd6 Ra7 27. Rda1 Rga8 28. Bxd5 exd5 29. Rb4+ Kc8 30. Re1 Kd8 31. Rb6 Rc8 32. Ra1 Bd3 33. Rb4 Kd7 34. Bb8 Ra8 35. Rb7+ Ke8 36. Bd6 Be4 37. Re1 Rd8 38. f3 Rd7 39. Rxd7 Kxd7 40. fxe4 d4 41. Rd1 1-0

[Event "Latschach op 25th"]
[Site "Latschach"]
[Date "2009.08.12"]
[Round "6"]
[White "Tarmann, Johannes"]
[Black "Kowalak, Piotr"]
[Result "1/2-1/2"]
[WhiteElo "2027"]
[BlackElo "2185"]
[PlyCount "119"]
[EventDate "2009.08.08"]
[EventType "swiss"]
[EventRounds "9"]
[EventCountry "AUT"]
[SourceTitle "CBM 131 Extra"]
[Source "ChessBase"]
[SourceDate "2009.09.03"]
[SourceVersion "2"]
[SourceVersionDate "2009.09.16"]
[SourceQuality "1"]

1. d4 Nf6 2. e3 d6 3. f4 g6 4. Nf3 Bg7 5. Bd3 0-0 6. 0-0 Qe8 7. c3 Nbd7 8. Na3 a6 9. Nc2 e5 10. Be2 b6 11. Nfe1 Bb7 12. Bf3 e4 13. Be2 Qe7 14. g3 b5 15. Ng2 Nb6 16. Qe1 Bc8 17. Qd1 h5 18. b3 Bd7 19. Bb2 c6 20. c4 bxc4 21. bxc4 Na4 22. Rb1 Nxb2 23. Rxb2 Rfb8 24. Rb3 c5 25. Qd2 Ba4 26. Rbb1 Qc7 27. Na3 Bd7 28. Rfc1 Rxb1 29. Rxb1 Rb8 30. Rxb8+ Qxb8 31. dxc5 dxc5 32. Bd1 Be6 33. Bb3 Ne8 34. Ne1 Qd6 35. Qc1 Qd7 36. Kf2 Nd6 37. Qd2 Nc8 38. Qa5 Qd6 39. Bc2 f5 40. Ke2 Bf6 41. Bb3 h4 42. Nb1 hxg3 43. hxg3 Qb6 44. Qd2 Nd6 45. Na3 Kf7 46. Nec2 Ke7 47. Kd1 Qd8 48. Kc1 Nb7 49. Qxd8+ Kxd8 50. Nb1 Nd6 51. Nca3 Ne8 52. Kc2 Kc7 53. Nd2 g5 54. Nab1 gxf4 55. gxf4 Kd6 56. Nc3 Nc7 57. a3 Bf7 58. Ndxe4+ fxe4 59. Nxe4+ Ke7 60. Nxc5 1/2-1/2

[Event "POL-chT1"]
[Site "Chotowa"]
[Date "2007.09.08"]
[Round "6"]
[White "Krzyzanowski, Marcin"]
[Black "Kowalak, Piotr"]
[Result "0-1"]
[WhiteElo "2206"]
[BlackElo "2191"]
[PlyCount "94"]
[EventDate "2007.09.03"]
[EventType "team"]
[EventRounds "9"]
[EventCountry "POL"]
[SourceTitle "EXT 2009"]
[Source "ChessBase"]
[SourceDate "2008.11.26"]
[SourceVersion "1"]
[SourceVersionDate "2008.11.26"]
[SourceQuality "1"]

1. e4 c5 2. Nf3 Nc6 3. d4 cxd4 4. Nxd4 Nf6 5. Nc3 e5 6. Ndb5 d6 7. Bg5 a6 8. Na3 b5 9. Bxf6 gxf6 10. Nd5 f5 11. Bd3 Be6 12. 0-0 Bxd5 13. exd5 Ne7 14. c4 Bg7 15. Rb1 e4 16. Be2 0-0 17. cxb5 axb5 18. Bxb5 Qa5 19. Bc4 Bxb2 20. Rxb2 Qxa3 21. Rb3 Qc5 22. Rg3+ Ng6 23. Bb3 f4 24. Rh3 f5 25. Qd2 Rae8 26. Qc2 Rc8 27. Qxc5 Rxc5 28. Ba4 Rf7 29. Rd1 Ra7 30. Bb3 Rac7 31. Kf1 Kg7 32. Ba4 Ra7 33. Bb3 Kf6 34. Rh5 Rg7 35. Ba4 Rc4 36. Bb3 Rc3 37. Re1 Rgc7 38. Rd1 Re7 39. Re1 Rc5 40. Rh3 Kg5 41. Rd1 h5 42. Ke2 h4 43. g3 Kg4 44. Rxh4+ Nxh4 45. gxh4 f3+ 46. Kd2 f4 47. Ke1 Kxh4 0-1

[Event "Nachod op 6th"]
[Site "Nachod"]
[Date "2000.??.??"]
[Round "9"]
[White "Kowalak, Piotr"]
[Black "Horak, Jiri"]
[Result "1/2-1/2"]
[WhiteElo "2180"]
[BlackElo "2180"]
[PlyCount "50"]
[EventDate "2000.??.??"]
[EventType "swiss"]
[EventRounds "9"]
[EventCountry "CZE"]
[SourceTitle "EXT 2003"]
[Source "ChessBase"]
[SourceDate "2002.11.25"]
[SourceVersion "1"]
[SourceVersionDate "2002.11.25"]
[SourceQuality "1"]

1. e4 e5 2. Nf3 Nc6 3. d4 exd4 4. c3 dxc3 5. Nxc3 Bc5 6. Bc4 d6 7. Bg5 Nf6 8. Nd5 Be6 9. 0-0 h6 10. Bxf6 gxf6 11. Rc1 Ne5 12. Nxe5 fxe5 13. b4 Bd4 14. Nxc7+ Qxc7 15. Bxe6 Qe7 16. Qa4+ Kf8 17. Bd5 Kg7 18. Qb3 Rac8 19. Qh3 Rxc1 20. Rxc1 Rg8 21. Qf5 Rf8 22. b5 a5 23. Kf1 b6 24. Rc2 Qf6 25. Qxf6+ Kxf6 1/2-1/2

[Event "Nachod op 6th"]
[Site "Nachod"]
[Date "2000.??.??"]
[Round "3"]
[White "Kowalak, Piotr"]
[Black "Samek, Jiri"]
[Result "1-0"]
[WhiteElo "2180"]
[BlackElo "1645"]
[PlyCount "51"]
[EventDate "2000.??.??"]
[EventType "swiss"]
[EventRounds "9"]
[EventCountry "CZE"]
[SourceTitle "EXT 2003"]
[Source "ChessBase"]
[SourceDate "2002.11.25"]
[SourceVersion "1"]
[SourceVersionDate "2002.11.25"]
[SourceQuality "1"]

1. e4 a6 2. d4 b5 3. Bd3 Bb7 4. Nf3 e6 5. 0-0 Nf6 6. Qe2 c5 7. c3 d6 8. Bg5 Be7 9. Nbd2 h6 10. Bh4 c4 11. Bc2 g5 12. Bg3 g4 13. Ne1 h5 14. Bh4 Qc7 15. f4 Nxe4 16. Bxe7 Nxd2 17. Bf6 Nf3+ 18. gxf3 gxf3 19. Nxf3 Rg8+ 20. Kf2 Nd7 21. Bg5 Qc6 22. Rg1 Rg7 23. Rae1 Nf8 24. Be4 d5 25. Bc2 Kd7 26. Ne5+ 1-0

[Event "Nachod op 6th"]
[Site "Nachod"]
[Date "2000.??.??"]
[Round "2"]
[White "Rosko, Lubos"]
[Black "Kowalak, Piotr"]
[Result "0-1"]
[WhiteElo "1750"]
[BlackElo "2180"]
[PlyCount "36"]
[EventDate "2000.??.??"]
[EventType "swiss"]
[EventRounds "9"]
[EventCountry "CZE"]
[SourceTitle "EXT 2003"]
[Source "ChessBase"]
[SourceDate "2002.11.25"]
[SourceVersion "1"]
[SourceVersionDate "2002.11.25"]
[SourceQuality "1"]

1. d4 d5 2. c4 Nc6 3. e3 e5 4. Nc3 exd4 5. Nxd5 dxe3 6. Bxe3 Nf6 7. Nf3 Nxd5 8. cxd5 Bb4+ 9. Ke2 b6 10. Qd3 a5 11. Kd1 Ne7 12. a3 Bd6 13. Bd4 0-0 14. g4 Bf4 15. Bxg7 Kxg7 16. Qd4+ f6 17. Qxf4 Qxd5+ 18. Ke1 Ba6 0-1

[Event "POL-chT 2nd div South"]
[Site "Polanica Zdroj"]
[Date "1999.??.??"]
[Round "9"]
[White "Kowalak, Piotr"]
[Black "Zaskalski, Arkadiusz"]
[Result "0-1"]
[WhiteElo "2228"]
[BlackElo "2226"]
[PlyCount "40"]
[EventDate "1999.09.17"]
[EventType "team-swiss"]
[EventRounds "10"]
[EventCountry "POL"]
[SourceTitle "EXT 2001"]
[Source "ChessBase"]
[SourceDate "2000.11.22"]
[SourceVersion "1"]
[SourceVersionDate "2000.11.22"]
[SourceQuality "1"]
[WhiteTeam "POL-chT 2nd div South 25"]
[BlackTeam "Rolnik Roza"]
[WhiteTeamCountry "POL"]
[BlackTeamCountry "POL"]

1. e4 c5 2. c3 d6 3. d4 Nf6 4. Bd3 cxd4 5. cxd4 g6 6. Nf3 Bg7 7. 0-0 Bg4 8. Qa4+ Nfd7 9. Nbd2 0-0 10. h3 Bxf3 11. Nxf3 e5 12. dxe5 Nc5 13. Qa3 Nxd3 14. Qxd3 dxe5 15. Qb3 Qc7 16. Be3 Nc6 17. Rfd1 Rfd8 18. Rac1 Rxd1+ 19. Rxd1 Rc8 20. Rc1 Qd7 0-1

[Event "Nachod op 5th"]
[Site "Nachod"]
[Date "1999.??.??"]
[Round "9"]
[White "Skliba, Martin"]
[Black "Kowalak, Piotr"]
[Result "1-0"]
[WhiteElo "2119"]
[BlackElo "2228"]
[PlyCount "67"]
[EventDate "1999.??.??"]
[EventType "swiss"]
[EventRounds "9"]
[EventCountry "CZE"]
[SourceTitle "EXT 2000"]
[Source "ChessBase"]
[SourceDate "1999.11.16"]
[SourceVersion "1"]
[SourceVersionDate "1999.11.16"]
[SourceQuality "1"]

1. d4 d5 2. c4 c6 3. Nf3 Nf6 4. Nc3 dxc4 5. a4 Bg4 6. Ne5 Bh5 7. g3 e6 8. Bg2 Bb4 9. Nxc4 Nd5 10. Qb3 c5 11. dxc5 Nc6 12. Nd6+ Kf8 13. Bxd5 Nd4 14. Qc4 Nc2+ 15. Kf1 exd5 16. Nxd5 Nxa1 17. Nxb4 Qd7 18. Bf4 Bg4 19. f3 Be6 20. Qc3 Nb3 21. Kf2 a5 22. Nd3 Qc6 23. Ne4 Qxa4 24. Bd6+ Kg8 25. Be5 f6 26. Nxf6+ Kf7 27. Ne4 Rhg8 28. Ng5+ Ke7 29. Bd6+ Kd7 30. Nxe6 Kxe6 31. Qe5+ Kd7 32. Qe7+ Kc6 33. Ne5+ Kd5 34. Qf7+ 1-0